عرض عادي
عرض مارك
- Tigray Region (Ethiopia)
دخول Geographic Name
001 - CONTROL NUMBER
- control field: 28539
003 - CONTROL NUMBER IDENTIFIER
- control field: AE-AdECS
005 - DATE AND TIME OF LATEST TRANSACTION
- control field: 20260413095436.0
008 - FIXED-LENGTH DATA ELEMENTS
- fixed length control field: 260413|| aca||aabn | a|a d
040 ## - CATALOGING SOURCE
- Original cataloging agency: AE-AdECS
- Transcribing agency: AE-AdECS
151 ## - HEADING--GEOGRAPHIC NAME
- Geographic name: Tigray Region (Ethiopia)
- General subdivision: Politics and government
- Geographic subdivision: 21st century
670 ## - SOURCE DATA FOUND
- Source citation: Work cat.: (AE-AdECS)294689: AlKayyoomi, Zayed, author 28319, Paths to National Reconciliation in Post-Tigray War Ethiopia /
